[Event "Montreal Mercredi 02"]
[Site "Montreal"]
[Date "2017.02.15"]
[Round "1"]
[White "Baran, Marius"]
[Black "Khudaverdian, Berj"]
[Result "1/2-1/2"]
[WhiteElo "1803"]
[BlackElo "1719"]
[PlyCount "119"]
[EventDate "2017.02.15"]
[EventType "swiss"]
[EventRounds "5"]
[EventCountry "CAN"]
[SourceTitle "EXT 2022"]
[Source "ChessBase"]
[SourceDate "2021.10.06"]
[SourceVersion "1"]
[SourceVersionDate "2021.10.06"]
[SourceQuality "1"]

1. e4 d6 2. d4 Nf6 3. Nc3 g6 4. f4 Bg7 5. Nf3 0-0 6. Be3 Ng4 7. Bg1 e5 8. h3 Nh6 9. fxe5 dxe5 10. dxe5 Nd7 11. Qd5 c6 12. Qd6 Re8 13. 0-0-0 Qa5 14. Bh2 Bf8 15. Qd2 b5 16. Kb1 Kh8 17. Bf4 Ng8 18. Bd3 Nc5 19. Be3 b4 20. Ne2 Be6 21. b3 Red8 22. Bxc5 Bxc5 23. Ng5 Qb6 24. Nxe6 fxe6 25. Rhf1 a5 26. Qc1 Be3 27. Qb2 a4 28. bxa4 Rxa4 29. Bc4 Rxd1+ 30. Rxd1 c5 31. Qb3 Ra3 32. Qb2 Qc6 33. Rd3 Rxd3 34. cxd3 Kg7 35. Qb3 Kf7 36. a4 bxa3 37. Qxa3 Qb7+ 38. Qb2 Qxb2+ 39. Kxb2 Ne7 40. Bb5 g5 41. Kc3 Ng6 42. d4 cxd4+ 43. Nxd4 Nxe5 44. Ba4 Ng6 45. Bb5 Nf4 46. Bf1 Kf6 47. g3 Nh5 48. Ne2 Ke5 49. Kd3 Bf2 50. Bg2 Bxg3 51. Bf3 Nf4+ 52. Ke3 Bh2 53. Bg4 h5 54. Bf3 Kf6 55. Nxf4 gxf4+ 56. Ke2 Ke5 57. Bxh5 Kxe4 58. Bg4 Bg3 59. Bxe6 f3+ 60. Kf1 1/2-1/2

[Event "Montreal Mercredi 04"]
[Site "Montreal"]
[Date "2017.01.11"]
[Round "2"]
[White "Khudaverdian, Berj"]
[Black "Gauthier, Luc"]
[Result "1-0"]
[WhiteElo "1675"]
[BlackElo "1754"]
[PlyCount "89"]
[EventDate "2017.01.04"]
[EventType "swiss"]
[EventRounds "5"]
[EventCountry "CAN"]
[SourceTitle "EXT 2022"]
[Source "ChessBase"]
[SourceDate "2021.10.06"]
[SourceVersion "1"]
[SourceVersionDate "2021.10.06"]
[SourceQuality "1"]

1. Nf3 f5 2. g3 Nf6 3. Bg2 e6 4. d3 d6 5. Nbd2 Be7 6. 0-0 0-0 7. e4 fxe4 8. dxe4 e5 9. c3 h6 10. Qc2 Qe8 11. Nh4 Kh7 12. Nf5 Bd8 13. h3 Nc6 14. Nc4 Ne7 15. g4 Nxf5 16. exf5 d5 17. Ne3 c6 18. Re1 Bc7 19. Nf1 Qf7 20. Be3 b6 21. Rad1 Bb7 22. Ng3 Kh8 23. Qc1 Rad8 24. b4 Ba6 25. Bf1 Bxf1 26. Rxf1 Qe7 27. Kg2 Bb8 28. a4 c5 29. bxc5 bxc5 30. Qa3 d4 31. cxd4 exd4 32. Bc1 Qb7+ 33. f3 Qc7 34. f4 Nd5 35. Qf3 Qa5 36. g5 Qxa4 37. gxh6 gxh6 38. Qh5 Qc6 39. Kh2 Rg8 40. Rf2 Rd7 41. Re1 Nf6 42. Qh4 Rxg3 43. Qxg3 Ne4 44. Qg2 d3 45. Rxe4 1-0

[Event "Montreal Mercredi 11"]
[Site "Montreal"]
[Date "2015.12.02"]
[Round "3"]
[White "Khudaverdian, Berj"]
[Black "Gauthier, Luc"]
[Result "1/2-1/2"]
[WhiteElo "1718"]
[BlackElo "1772"]
[PlyCount "80"]
[EventDate "2015.11.18"]
[EventType "swiss"]
[EventRounds "5"]
[EventCountry "CAN"]
[SourceTitle "EXT 2022"]
[Source "ChessBase"]
[SourceDate "2021.10.06"]
[SourceVersion "1"]
[SourceVersionDate "2021.10.06"]
[SourceQuality "1"]

1. e4 Nf6 2. d3 e5 3. g3 d5 4. Nd2 dxe4 5. dxe4 Bc5 6. h3 c6 7. Qe2 Be6 8. Ngf3 Nbd7 9. Bg2 0-0 10. 0-0 Qc7 11. Ng5 Rfe8 12. Nxe6 Rxe6 13. Nb3 Bb6 14. Be3 Nf8 15. a4 Bxe3 16. Qxe3 b6 17. a5 Rd8 18. axb6 axb6 19. Ra6 c5 20. Rfa1 Red6 21. Bf3 Ne6 22. Ra7 Qc6 23. Qc3 c4 24. Na5 bxa5 25. Qxe5 Nd4 26. Bg2 Nxc2 27. R1xa5 Rd1+ 28. Kh2 Ng4+ 29. hxg4 Ne1 30. Rd5 Qh6+ 31. Qh5 R1xd5 32. Qxh6 gxh6 33. exd5 Nxg2 34. Kxg2 Rxd5 35. Rc7 Rb5 36. Rxc4 Rxb2 37. Rf4 Kg7 38. Kh3 Kg6 39. Kh4 Rb1 40. Kh3 Rb2 1/2-1/2

[Event "Montreal Mercredi 05"]
[Site "Montreal"]
[Date "2014.05.28"]
[Round "3"]
[White "Ouellet, Maili Jade"]
[Black "Khudaverdian, Berj"]
[Result "1-0"]
[WhiteElo "1746"]
[BlackElo "1685"]
[PlyCount "47"]
[EventDate "2014.05.14"]
[EventType "swiss"]
[EventRounds "5"]
[EventCountry "CAN"]
[SourceTitle "EXT 2022"]
[Source "ChessBase"]
[SourceDate "2021.10.06"]
[SourceVersion "1"]
[SourceVersionDate "2021.10.06"]
[SourceQuality "1"]

1. d4 Nf6 2. c4 e5 3. dxe5 Ng4 4. Nf3 Nc6 5. Bf4 Bb4+ 6. Nc3 Qe7 7. Qb3 Na5 8. Qc2 Nxc4 9. 0-0-0 Bxc3 10. Qxc3 b5 11. Bg3 a5 12. Qd4 Nh6 13. e6 0-0 14. exd7 c5 15. d8Q cxd4 16. Qxe7 Nf5 17. Qe4 Be6 18. Nxd4 Rac8 19. Kb1 Rfd8 20. e3 Nfd6 21. Bxd6 Nxd6 22. Qe5 Nf5 23. Be2 Rd5 24. Qf4 1-0

[Event "Montreal Mercredi 02"]
[Site "Montreal"]
[Date "2014.02.19"]
[Round "1"]
[White "Khudaverdian, Berj"]
[Black "Brassard, Sylvain"]
[Result "1-0"]
[WhiteElo "1720"]
[BlackElo "1729"]
[PlyCount "102"]
[EventDate "2014.02.19"]
[EventType "swiss"]
[EventRounds "5"]
[EventCountry "CAN"]
[SourceTitle "EXT 2022"]
[Source "ChessBase"]
[SourceDate "2021.10.06"]
[SourceVersion "1"]
[SourceVersionDate "2021.10.06"]
[SourceQuality "1"]

1. Nf3 d5 2. d4 Bf5 3. g3 h6 4. Bg2 e6 5. 0-0 Nf6 6. c4 c6 7. c5 Be7 8. Nc3 Ne4 9. Qb3 b6 10. cxb6 axb6 11. Be3 Nd7 12. Rac1 c5 13. Nxd5 exd5 14. Qxd5 Bh7 15. Ne5 Nxe5 16. Qxe5 Qd6 17. Qxg7 Qf6 18. Qxf6 Bxf6 19. dxc5 bxc5 20. Rc4 Nd6 21. Rf4 Ke7 22. Bxa8 Rxa8 23. Bxc5 Bxb2 24. a4 Bc2 25. Rb4 Ba3 26. Rc4 Bb3 27. Re4+ Kd7 28. Bxd6 Bxd6 29. Rd4 Rxa4 30. Rxa4 Bxa4 31. Ra1 Bb5 32. e4 Bd3 33. f3 Bc5+ 34. Kg2 Ke6 35. Ra5 Bf8 36. Rd5 Bc4 37. Rd4 Be2 38. Rd8 Bc5 39. Rh8 Be3 40. f4 h5 41. Rh6+ Ke7 42. h3 f6 43. Rh7+ Ke6 44. f5+ Kd6 45. Rf7 Bd4 46. Rb7 Ke5 47. Re7+ Kd6 48. Re6+ Kc5 49. Re8 Kc4 50. e5 Bxe5 51. Rxe5 fxe5 1-0

[Event "Montreal Mercredi 01"]
[Site "Montreal"]
[Date "2014.01.29"]
[Round "4"]
[White "Millette, Sylvain"]
[Black "Khudaverdian, Berj"]
[Result "1-0"]
[WhiteElo "1697"]
[BlackElo "1697"]
[PlyCount "61"]
[EventDate "2014.01.08"]
[EventType "swiss"]
[EventRounds "5"]
[EventCountry "CAN"]
[SourceTitle "EXT 2022"]
[Source "ChessBase"]
[SourceDate "2021.10.06"]
[SourceVersion "1"]
[SourceVersionDate "2021.10.06"]
[SourceQuality "1"]

1. Nf3 Nf6 2. g3 g6 3. Bg2 Bg7 4. 0-0 0-0 5. d4 d6 6. c4 c6 7. Nc3 Qc7 8. b3 e5 9. Ba3 Rd8 10. Rc1 Bg4 11. d5 Bh6 12. dxc6 bxc6 13. Nd2 Qa5 14. Bb2 a6 15. h3 Be6 16. e3 Ra7 17. Qf3 Bg7 18. Nde4 Nxe4 19. Nxe4 Qxa2 20. Rb1 Bf5 21. g4 Bxe4 22. Qxe4 Rb7 23. Rfd1 Rxb3 24. Rd2 Nd7 25. Ra1 d5 26. cxd5 cxd5 27. Qxd5 Qxb2 28. Rxb2 Rxb2 29. Rd1 Rb5 30. Qc6 Rb6 31. Qc7 1-0

[Event "Montreal Mercredi 11"]
[Site "Montreal"]
[Date "2013.11.20"]
[Round "2"]
[White "Chesnut, Walter"]
[Black "Khudaverdian, Berj"]
[Result "0-1"]
[WhiteElo "1633"]
[BlackElo "1663"]
[PlyCount "68"]
[EventDate "2013.11.13"]
[EventType "swiss"]
[EventRounds "5"]
[EventCountry "CAN"]
[SourceTitle "EXT 2022"]
[Source "ChessBase"]
[SourceDate "2021.10.06"]
[SourceVersion "1"]
[SourceVersionDate "2021.10.06"]
[SourceQuality "1"]

1. e4 d6 2. d4 Nf6 3. Nc3 c6 4. Be3 g6 5. f3 Bg7 6. Qd2 h6 7. Nge2 Nbd7 8. g4 Qa5 9. Nd1 Qxd2+ 10. Bxd2 e5 11. c3 Nb6 12. dxe5 dxe5 13. b3 Be6 14. Ne3 0-0-0 15. 0-0-0 Rd7 16. Be1 Rxd1+ 17. Kxd1 Rd8+ 18. Kc2 Nfd7 19. h4 a5 20. c4 a4 21. Ba5 axb3+ 22. axb3 Re8 23. Bxb6 Nxb6 24. Nc3 Bf8 25. h5 Bc5 26. Ncd1 g5 27. Nf5 Bxf5 28. gxf5 f6 29. Nc3 Kc7 30. Na2 Ra8 31. Kb1 Bd4 32. Rh2 Ra3 33. Nc1 Ra1+ 34. Kc2 Be3 0-1

[Event "Montreal Mercredi 10"]
[Site "Montreal"]
[Date "2013.10.16"]
[Round "3"]
[White "Khudaverdian, Berj"]
[Black "Chesnut, Walter"]
[Result "0-1"]
[WhiteElo "1743"]
[BlackElo "1638"]
[PlyCount "84"]
[EventDate "2013.10.02"]
[EventType "swiss"]
[EventRounds "5"]
[EventCountry "CAN"]
[SourceTitle "EXT 2022"]
[Source "ChessBase"]
[SourceDate "2021.10.06"]
[SourceVersion "1"]
[SourceVersionDate "2021.10.06"]
[SourceQuality "1"]

1. e4 e5 2. Nc3 Nc6 3. Nf3 Nf6 4. d3 h6 5. g3 d6 6. Bg2 Be6 7. 0-0 Be7 8. d4 exd4 9. Nxd4 Nxd4 10. Qxd4 c6 11. Be3 0-0 12. h3 Qc8 13. Kh2 Nd7 14. f4 Bf6 15. Qxd6 Bxc3 16. bxc3 Nf6 17. f5 Rd8 18. Qb4 a5 19. Qc5 Nd7 20. Qa3 Bc4 21. Rfd1 Ne5 22. Bb6 Rxd1 23. Rxd1 Qe8 24. Qa4 Be2 25. Rb1 Nc4 26. Kg1 Ra6 27. Bd4 b5 28. Qb3 Nd2 29. Qb2 Nxb1 30. Qxb1 Bc4 31. a3 Qb8 32. Kh2 Qd6 33. Qc1 f6 34. h4 c5 35. Be3 Qe5 36. Qd2 Rd6 37. Qf2 Qxc3 38. Bxc5 Rd2 39. Qf4 Qxc2 40. Qf3 Be2 41. Qf2 Bg4 42. Qg1 Bf3 0-1

[Event "Montreal Mercredi 10"]
[Site "Montreal"]
[Date "2013.10.09"]
[Round "2"]
[White "Millette, Sylvain"]
[Black "Khudaverdian, Berj"]
[Result "1/2-1/2"]
[WhiteElo "1750"]
[BlackElo "1743"]
[PlyCount "122"]
[EventDate "2013.10.02"]
[EventType "swiss"]
[EventRounds "5"]
[EventCountry "CAN"]
[SourceTitle "EXT 2022"]
[Source "ChessBase"]
[SourceDate "2021.10.06"]
[SourceVersion "1"]
[SourceVersionDate "2021.10.06"]
[SourceQuality "1"]

1. Nf3 Nf6 2. g3 g6 3. Bg2 Bg7 4. 0-0 c5 5. c4 Nc6 6. Nc3 0-0 7. d3 e6 8. e4 d6 9. Ne1 Nd4 10. f4 Qc7 11. Nf3 Nd7 12. Ne2 Rb8 13. Nexd4 cxd4 14. Qe2 b5 15. e5 Qb6 16. cxb5 dxe5 17. fxe5 Qxb5 18. b3 Ba6 19. Nxd4 Qxe5 20. Qxe5 Nxe5 21. Bf4 Nxd3 22. Be3 Nb4 23. Rf2 Nd5 24. Bxd5 exd5 25. Rd1 Rfe8 26. Nc6 Rbc8 27. Nxa7 Rc7 28. Bb6 Rce7 29. Bc5 Re1+ 30. Rxe1 Rxe1+ 31. Kg2 d4 32. b4 d3 33. b5 Bb7+ 34. Nc6 Bc3 35. Kh3 d2 36. Ne7+ Rxe7 37. Rxd2 Bxd2 38. Bxe7 f5 39. a4 Ba5 40. Bd6 Bd5 41. Bc5 Kf7 42. Be3 Kf6 43. g4 Ke5 44. gxf5 gxf5 45. b6 f4 46. Bc5 Bc6 47. Kg4 Ke4 48. Bf2 Bd7+ 49. Kg5 Bc8 50. Kh6 Kf3 51. Bc5 Kg4 52. Kxh7 Kh3 53. Kg6 Kxh2 54. Kf6 Kg2 55. Ke7 f3 56. Kd8 Ba6 57. Kc7 f2 58. Bxf2 Kxf2 59. Kc6 Bd2 60. b7 Bf4 61. Kb6 Bxb7 1/2-1/2

[Event "Montreal Mercredi 02"]
[Site "Montreal"]
[Date "2011.03.02"]
[Round "2"]
[White "Cardin, Guillaume"]
[Black "Khudaverdian, Berj"]
[Result "0-1"]
[WhiteElo "1849"]
[BlackElo "1856"]
[PlyCount "74"]
[EventDate "2011.02.23"]
[EventType "tourn"]
[EventRounds "5"]
[EventCountry "CAN"]
[SourceTitle "EXT 2013"]
[Source "ChessBase"]
[SourceDate "2012.11.22"]
[SourceVersion "1"]
[SourceVersionDate "2012.11.22"]
[SourceQuality "1"]

1. d4 f5 2. Nf3 Nf6 3. c4 d6 4. Nc3 g6 5. g3 Bg7 6. Bg2 0-0 7. 0-0 Qe8 8. Re1 Nh5 9. e4 f4 10. Nd5 fxg3 11. Nxc7 gxf2+ 12. Kxf2 Qc6 13. Nxa8 b6 14. Nxb6 Qxb6 15. c5 dxc5 16. dxc5 Qxc5+ 17. Be3 Qe5 18. Qd5+ Be6 19. Qxe5 Bxe5 20. Kg1 Bxb2 21. Rab1 Bg7 22. Bxa7 Nc6 23. Bc5 Nf4 24. Red1 Ne2+ 25. Kh1 Nc3 26. a3 Bg4 27. Rb6 Nxd1 28. Rxc6 Bxf3 29. Bxe7 Bxg2+ 30. Kxg2 Ne3+ 31. Kh3 Rf3+ 32. Kh4 Rf4+ 33. Kh3 Rxe4 34. Bg5 Nf5 35. Ra6 h6 36. Rxg6 Kh7 37. Bxh6 Kxg6 0-1

[Event "Montreal Mercredi 11"]
[Site "Montreal"]
[Date "2010.12.01"]
[Round "3"]
[White "Dydak, Mateusz"]
[Black "Khudaverdian, Berj"]
[Result "1/2-1/2"]
[WhiteElo "1902"]
[BlackElo "1893"]
[PlyCount "85"]
[EventDate "2010.11.17"]
[EventType "swiss"]
[EventRounds "5"]
[EventCountry "CAN"]
[SourceTitle "EXT 2013"]
[Source "ChessBase"]
[SourceDate "2012.11.22"]
[SourceVersion "1"]
[SourceVersionDate "2012.11.22"]
[SourceQuality "1"]

1. e4 d6 2. Nc3 g6 3. g3 Bg7 4. Bg2 c6 5. d3 Nd7 6. Nge2 Rb8 7. Be3 Qa5 8. 0-0 b5 9. a3 Qc7 10. Qd2 Nb6 11. Rae1 h5 12. f4 f6 13. f5 g5 14. Kh1 Nh6 15. h3 Nf7 16. b3 a6 17. h4 Bh6 18. Bf3 g4 19. Bg2 Bxe3 20. Qxe3 Nd7 21. Nf4 Nf8 22. d4 Qb6 23. Rd1 Rh7 24. Qe1 Nd7 25. Nce2 Bb7 26. Ng6 c5 27. c3 Rd8 28. Nef4 cxd4 29. cxd4 Nh8 30. Ne6 Rc8 31. Ngf4 Kf7 32. Rc1 Nf8 33. d5 Nd7 34. Rxc8 Bxc8 35. Qc3 Bb7 36. Rc1 Ne5 37. Qd4 Qa5 38. Rc7 Qe1+ 39. Qg1 Qxg3 40. Rxb7 Qxh4+ 41. Qh2 Qe1+ 42. Qg1 Qh4+ 43. Qh2 1/2-1/2

[Event "Montreal Mercredi 10"]
[Site "Montreal"]
[Date "2010.11.03"]
[Round "5"]
[White "Morin, Louis"]
[Black "Khudaverdian, Berj"]
[Result "0-1"]
[WhiteElo "1944"]
[BlackElo "1839"]
[PlyCount "124"]
[EventDate "2010.10.06"]
[EventType "tourn"]
[EventRounds "5"]
[EventCountry "CAN"]
[SourceTitle "EXT 2013"]
[Source "ChessBase"]
[SourceDate "2012.11.22"]
[SourceVersion "1"]
[SourceVersionDate "2012.11.22"]
[SourceQuality "1"]

1. e4 e6 2. d4 b6 3. Nf3 Bb7 4. Bd3 c5 5. 0-0 cxd4 6. Nxd4 Nc6 7. Nxc6 Bxc6 8. Nc3 Nf6 9. e5 Nd5 10. Nxd5 Bxd5 11. Qg4 Qc7 12. Bf4 0-0-0 13. Rfe1 Kb8 14. c4 Bb7 15. Rac1 Bc5 16. Be4 Bxe4 17. Rxe4 Qc6 18. Be3 h5 19. Qf3 Bxe3 20. Rxe3 Qxf3 21. Rxf3 Rhf8 22. c5 Rc8 23. Rb3 f6 24. Rcc3 Rc6 25. cxb6 Rxb6 26. Rxb6+ axb6 27. Rg3 Rc8 28. f4 Rc1+ 29. Kf2 f5 30. Rxg7 Rc2+ 31. Kg3 Kc7 32. Rg8 Rxb2 33. Ra8 Kc6 34. Ra3 Rc2 35. Kf3 b5 36. Ra6+ Kc5 37. a3 Rc3+ 38. Kf2 h4 39. g3 h3 40. Ra7 Rc2+ 41. Kg1 Rg2+ 42. Kh1 Rd2 43. Kg1 Kb6 44. Ra8 Rg2+ 45. Kh1 Rc2 46. Kg1 Rg2+ 47. Kh1 Ra2 48. Kg1 Kb7 49. Ra5 Kc6 50. Ra6+ Kc5 51. Rd6 Rxa3 52. Rxd7 b4 53. Rb7 Kc4 54. Rc7+ Kd3 55. Kf2 b3 56. g4 Ra2+ 57. Kg3 fxg4 58. Rd7+ Ke4 59. Kxg4 Rxh2 60. Rb7 Rb2 61. Rh7 h2 62. Kg3 Rc2 0-1

[Event "Montreal Mercredi 10"]
[Site "Montreal"]
[Date "2010.10.20"]
[Round "3"]
[White "Dydak, Mateusz"]
[Black "Khudaverdian, Berj"]
[Result "0-1"]
[WhiteElo "1949"]
[BlackElo "1839"]
[PlyCount "62"]
[EventDate "2010.10.06"]
[EventType "tourn"]
[EventRounds "5"]
[EventCountry "CAN"]
[SourceTitle "EXT 2013"]
[Source "ChessBase"]
[SourceDate "2012.11.22"]
[SourceVersion "1"]
[SourceVersionDate "2012.11.22"]
[SourceQuality "1"]

1. e4 e6 2. d4 Nf6 3. Nc3 Bb4 4. Bd3 h6 5. a3 Bxc3+ 6. bxc3 b6 7. Ne2 Bb7 8. Ng3 Nc6 9. 0-0 e5 10. d5 Ne7 11. c4 d6 12. f4 Ng6 13. Nf5 Rg8 14. fxe5 Nxe5 15. Bb2 Nfd7 16. Rb1 Qg5 17. c5 dxc5 18. d6 c6 19. Bxe5 Nxe5 20. d7+ Kf8 21. Nd6 Rd8 22. Nxb7 Rxd7 23. Nxc5 Qe3+ 24. Kh1 Qxc5 25. Rf5 g6 26. Rf6 Kg7 27. Qf1 Rgd8 28. a4 Qd4 29. h3 Nxd3 30. Rxc6 Nf2+ 31. Kh2 Nxe4 0-1

[Event "Montreal Mercredi 09"]
[Site "Montreal"]
[Date "2010.09.08"]
[Round "2"]
[White "Luo, Zhao Yang"]
[Black "Khudaverdian, Berj"]
[Result "0-1"]
[WhiteElo "1843"]
[BlackElo "1805"]
[PlyCount "97"]
[EventDate "2010.09.01"]
[EventType "tourn"]
[EventRounds "5"]
[EventCountry "CAN"]
[SourceTitle "EXT 2013"]
[Source "ChessBase"]
[SourceDate "2012.11.22"]
[SourceVersion "1"]
[SourceVersionDate "2012.11.22"]
[SourceQuality "1"]

1. d4 Nf6 2. c4 g6 3. Nc3 Bg7 4. e4 d6 5. Nf3 0-0 6. Be2 Nbd7 7. 0-0 e5 8. d5 Nc5 9. Bg5 a5 10. a3 a4 11. Qc2 Bg4 12. Nd2 Bxe2 13. Nxe2 Qd7 14. Nc3 Nh5 15. Be3 Nf4 16. f3 f5 17. Bxc5 dxc5 18. Rae1 Ra6 19. Kh1 Rfa8 20. Rf2 Bf6 21. Nf1 Nh5 22. Rd2 f4 23. Red1 Be7 24. Nb5 Bd6 25. Rd3 Qe7 26. Qf2 Qg5 27. Nd2 Ng7 28. Nb1 Ne8 29. N1c3 Qf6 30. Ne2 g5 31. g3 Kh8 32. Rg1 Rd8 33. Nec3 Be7 34. Qc2 fxg3 35. Rxg3 c6 36. dxc6 bxc6 37. Rxd8 Bxd8 38. Qd2 cxb5 39. Qd7 Qe7 40. Qxb5 Nc7 41. Qb7 Qd6 42. Rh3 h6 43. Nb5 Nxb5 44. cxb5 Rb6 45. Qf7 Qe7 46. Qf5 Rf6 47. Qc8 Kg7 48. Qg4 Qe6 49. Qg1 0-1

[Event "Montreal Mercredi 03"]
[Site "Montreal"]
[Date "2010.04.07"]
[Round "2"]
[White "Gauthier, Luc"]
[Black "Khudaverdian, Berj"]
[Result "1-0"]
[WhiteElo "1724"]
[BlackElo "1713"]
[PlyCount "87"]
[EventDate "2010.03.31"]
[EventType "tourn"]
[EventRounds "5"]
[EventCountry "CAN"]
[SourceTitle "EXT 2013"]
[Source "ChessBase"]
[SourceDate "2012.11.22"]
[SourceVersion "1"]
[SourceVersionDate "2012.11.22"]
[SourceQuality "1"]

1. e4 d5 2. exd5 Bf5 3. d4 Nf6 4. Nf3 Qxd5 5. Nc3 Qd8 6. Be2 e6 7. Bg5 Be7 8. 0-0 h6 9. Bh4 0-0 10. Re1 c6 11. h3 Nbd7 12. Bd3 Bh7 13. Bxh7+ Nxh7 14. Bxe7 Qxe7 15. d5 Rad8 16. dxe6 fxe6 17. Qe2 Rf6 18. Rad1 Ndf8 19. Rxd8 Qxd8 20. Rd1 Qc7 21. Ne4 Rf5 22. Nc3 Nf6 23. Re1 Qf4 24. Rd1 Nd5 25. Ne4 b5 26. Ng3 Rf7 27. Ne5 Rc7 28. Nd3 Qc4 29. b3 Qh4 30. Qe5 Qf6 31. Ne4 Qxe5 32. Nxe5 b4 33. Nc5 Nc3 34. Rd8 Kh7 35. Rxf8 Nxa2 36. Rf7 Rxf7 37. Nxf7 Nc3 38. Nd8 Ne2+ 39. Kf1 Nd4 40. Ncxe6 Nxc2 41. Nxc6 Kg6 42. Ned4 Nxd4 43. Nxd4 a5 44. Ke2 1-0

[Event "Montreal Saturday op 02"]
[Site "Montreal"]
[Date "2010.02.17"]
[Round "1"]
[White "Khudaverdian, Berj"]
[Black "Zroud, Hicham"]
[Result "0-1"]
[WhiteElo "1802"]
[BlackElo "1731"]
[PlyCount "72"]
[EventDate "2010.02.17"]
[EventType "tourn"]
[EventRounds "5"]
[EventCountry "CAN"]
[SourceTitle "EXT 2011"]
[Source "ChessBase"]
[SourceDate "2010.11.26"]
[SourceVersion "1"]
[SourceVersionDate "2010.11.26"]
[SourceQuality "1"]

1. e4 e5 2. Nc3 Nf6 3. Bb5 a6 4. Ba4 Be7 5. Nf3 b5 6. Bb3 d6 7. d3 Nc6 8. Be3 Na5 9. 0-0 Nxb3 10. axb3 0-0 11. Nxb5 Bb7 12. Nc3 Ng4 13. Qd2 f5 14. Nd5 Bxd5 15. exd5 f4 16. Bd4 exd4 17. Nxd4 Qd7 18. Ne6 Rf5 19. c4 Bf6 20. h3 Nh6 21. d4 c6 22. Nxf4 Bg5 23. dxc6 Qxc6 24. d5 Qb7 25. g3 Bxf4 26. gxf4 Qxb3 27. Qe3 Qxc4 28. Qe6+ Kh8 29. Rac1 Qxf4 30. Rc3 Re5 31. Qd7 Rxd5 32. Rfc1 Rf8 33. R3c2 Rd2 34. Qa7 Qg5+ 35. Kh2 Rfxf2+ 36. Qxf2 Rxf2+ 0-1